| 000 | 00877nam a2200265Ia 4500 | ||
|---|---|---|---|
| 003 | OSt | ||
| 005 | 20220923211020.0 | ||
| 006 | a|||||r|||| 00| 0 | ||
| 007 | ta | ||
| 008 | 220922b |||||||| |||| 00| 0 hin d | ||
| 020 |
_a8170555728 (hbk) _c75 |
||
| 024 | _a235,258 | ||
| 037 |
_b486, 21/03/2008, Vani Prakashan _cTextual |
||
| 040 |
_aARTS _cARTS _bhin |
||
| 041 |
_2hin _ahin |
||
| 082 | _aO152,1NNAx, N7 | ||
| 100 |
_aनागार्जुन _9157165 |
||
| 245 | 0 | _aअपने खेत में | |
| 246 | _aApane khet mean | ||
| 260 |
_aनयी दिल्ली _b वाणी प्रकाशन _c1997 |
||
| 300 |
_a64पृ. _ccm. |
||
| 650 |
_aहिन्दी साहित्य _9156264 |
||
| 942 |
_hO152,1NNAx, N7 _cTEXL _2CC |
||
| 999 |
_c293953 _d293953 |
||